| 000 | 00615nam a2200229Ia 4500 | ||
|---|---|---|---|
| 003 | OSt | ||
| 005 | 20220924134751.0 | ||
| 006 | a|||||r|||| 00| 0 | ||
| 007 | ta | ||
| 008 | 220923b |||||||| |||| 00| 0 urd d | ||
| 024 | _a287070 | ||
| 037 | _cTextual | ||
| 040 |
_aARTS _cARTS _burd |
||
| 041 |
_2urd _aurd |
||
| 082 | _aLD, 168G9.1 | ||
| 100 |
_aKabiruddin Hakim Mohammad Au. _9209191 |
||
| 245 | 0 | _aTarjuma-o-sharah kulliyat-e-nafisi | |
| 260 | _c1939 | ||
| 650 |
_aMEDICINE _94387 |
||
| 942 |
_hLD, 168G9.1 _cTEXL _2CC |
||
| 999 |
_c438485 _d438485 |
||